000 00618cam a2200205 4500
008 090401t1986 xxu||||| |||| 00| 0 eng d
020 _a091908818X
035 _a(Sirsi) u13041
041 _aeng
050 _a526.9
110 _aFederation International Des Geometres
245 _aXVIII International Congress of Surveyors June 1 to 11, 1986, Toronto, Canada. Papers: Commission 2 professional education and literature
260 _aOttawa
_bFIG
_c1986
300 _a260p. ; 21cm.
350 _a0
650 _aCAREERS, EDUCATION AND TRAINING
650 _aSURVEYORS
942 _n0
948 _c04/03/1997
999 _c87053
_d87053